000 00877nam a2200289 a 4500
008
020 _a0750653620 (pbk.)
049 _aMAIN
090 _aHF5549.5.M3
_bHOL
100 1 _aHolbeche, Linda.
245 1 0 _aAligning human resources and business strategy /
_cLinda Holbeche.
260 _aAmsterdam :
_bElsevier Butterworth-Heinemann,
_c2001.
300 _axxi, 461 p. ;
_c25 cm.
504 _aIncludes bibliographical references.
500 _aIncludes index.
650 0 _aManpower planning.
650 0 _aStrategic planning.
650 0 _aHuman capital.
650 0 _aOrganizational change.
650 0 _aOrganizational learning.
650 0 _aPersonnel management.
907 _a.b10081549
_b19-03-13
_c11-07-03
003
005 20230123125041.0
040 _cNUST
942 _cBOOKS
_kHF5549.5.M3
_mHOL
999 _c134840
_d134840